Concrete technology for cast in-situ foundations (Record no. 102255)
[ view plain ]
| 000 -LEADER | |
|---|---|
| fixed length control field | 00965cam a2200289 4500 |
| 008 - FIXED-LENGTH DATA ELEMENTS--GENERAL INFORMATION | |
| fixed length control field | 020731n2002 000 0 eng u |
| 020 ## - INTERNATIONAL STANDARD BOOK NUMBER | |
| International Standard Book Number | 0860175693 |
| 035 ## - SYSTEM CONTROL NUMBER | |
| System control number | (Sirsi) u119111 |
| 050 ## - LIBRARY OF CONGRESS CALL NUMBER | |
| Classification number | 624.15 |
| 100 ## - MAIN ENTRY--PERSONAL NAME | |
| Personal name | Henderson, N. |
| 245 ## - TITLE STATEMENT | |
| Title | Concrete technology for cast in-situ foundations |
| 260 ## - PUBLICATION, DISTRIBUTION, ETC. | |
| Place of publication, distribution, etc. | London |
| Name of publisher, distributor, etc. | CIRIA |
| Date of publication, distribution, etc. | 2002 |
| 300 ## - PHYSICAL DESCRIPTION | |
| Extent | 83p. |
| Dimensions | 30cm. |
| 350 ## - PRICE (NR) (BK AM CF MU VM SE) [OBSOLETE] | |
| Price | 80 |
| 490 ## - SERIES STATEMENT | |
| Series statement | CIRIA Publication |
| Volume/sequential designation | C569 |
| 520 ## - SUMMARY, ETC. | |
| Summary, etc. | Aimed at concrete producers, contractors and designers this report povides guidance on the application of in-situ concrete technology for foundations. |
| 650 ## - SUBJECT ADDED ENTRY--TOPICAL TERM | |
| Topical term or geographic name entry element | BUILT ENVIRONMENT-BUILDING MATERIALS |
| 650 ## - SUBJECT ADDED ENTRY--TOPICAL TERM | |
| Topical term or geographic name entry element | CONCRETE |
| 650 ## - SUBJECT ADDED ENTRY--TOPICAL TERM | |
| Topical term or geographic name entry element | BUILT ENVIRONMENT-BUILDING ELEMENTS-COMPLETE BUILDING ELEMENTS-FOUNDATIONS |
| 650 ## - SUBJECT ADDED ENTRY--TOPICAL TERM | |
| Topical term or geographic name entry element | IN-SITU CONCRETE |
| 690 ## - LOCAL SUBJECT ADDED ENTRY--TOPICAL TERM (OCLC, RLIN) | |
| Topical term or geographic name as entry element | BUILT ENVIRONMENT-BUILDING MATERIALS |
| 700 ## - ADDED ENTRY--PERSONAL NAME | |
| Personal name | Baldwin, N. |
| 700 ## - ADDED ENTRY--PERSONAL NAME | |
| Personal name | McKibbins, L. |
| 700 ## - ADDED ENTRY--PERSONAL NAME | |
| Personal name | Winsor, D. |
| 700 ## - ADDED ENTRY--PERSONAL NAME | |
| Personal name | Shanghavi, H. |
| 942 ## - ADDED ENTRY ELEMENTS (KOHA) | |
| Suppress in OPAC | 0 |
| Withdrawn status | Lost status | Source of classification or shelving scheme | Damaged status | Not for loan | Home library | Current library | Shelving location | Date acquired | Total Checkouts | Full call number | Barcode | Date last seen | Copy number | Price effective from | Koha item type | Public note |
|---|---|---|---|---|---|---|---|---|---|---|---|---|---|---|---|---|
| Dewey Decimal Classification | London | London | Folio | 31/07/2002 | CIRIA REPORTS | 30066386 | 27/02/2024 | 1 | 06/08/2019 | Book | Report 569 |